| 000 | 00336nam a22001337a 4500 | ||
|---|---|---|---|
| 020 | _a978-81-204-4527-0 | ||
| 082 | _a621.9 | ||
| 100 | _aKrishnaiah & Shahabudeen | ||
| 245 | _aAPPLIED DESIGN OF EXPERIMENTS & TAGUCHI METHODS / | ||
| 260 |
_aNew Dehli _bPHI _c2012. |
||
| 300 |
_a362 p. ; _b23cm. |
||
| 500 | _aPaperback. | ||
| 942 | _cBK | ||
| 999 |
_c33209 _d33209 |
||